Lysaght electrical steels.

Guardat en:
Dades bibliogràfiques
Autor corporatiu: John Lysaght (Australia) Ltd
Format: Llibre
Idioma:English
Publicat: [Sydney : s.n.], 1970.
Matèries:
LEADER 00811cam a22002411a 4500
001 c000269410
003 CARM
005 20070828141023.0
008 880615s1970 xnaa 000 0 eng d
019 1 |a 12600545  |5 LACONCORD2021 
035 |a (OCoLC)37096806  |5 LACONCORD2021 
040 |a QU  |b eng  |c QU 
042 |a anuc 
050 0 0 |a TA472  |b .J6 
110 2 |a John Lysaght (Australia) Ltd. 
245 1 0 |a Lysaght electrical steels. 
260 |a [Sydney :  |b s.n.],  |c 1970. 
300 |a 82 p :  |b ill. ;  |c 30 cm. 
650 0 |a Steel  |x Specifications. 
650 0 |a Steel, Electrical. 
852 8 |b CARM  |h A1:AN22D0  |i F02626  |p 0389469  |f BK 
999 f f |i e4c7039c-6f92-5cda-8b53-bf285ec28bfa  |s 5448ee7b-f206-579a-8712-33286c3ca870 
952 f f |p Can circulate  |a CAVAL  |b CAVAL  |c CAVAL  |d CARM 1 Store  |e F02626  |f A1:AN22D0  |h Other scheme  |i book  |m 0389469